Teoría general del derecho / (Registro nro. 68512)

Detalles MARC
000 -ENCABEZADO
Número de control [NR] 00785nam a22002417a 4500
005 - FECHA Y HORA DE LA ÚLTIMA TRANSACCIÓN
control field 20260429085938.0
008 - DE LONGITUD FIJA DE DATOS DE ELEMENTOS - INFORMACIÓN GENERAL
Elementos de longitud fija [NR] 130821s2026 ck gr spa
020 ## - NUMERO INTERNACIONAL NORMALIZADO PARA LIBROS [R]
Número Internacional Normalizado del libro [NR] 8482725521 (2a.Ed.)
020 ## - NUMERO INTERNACIONAL NORMALIZADO PARA LIBROS [R]
Número Internacional Normalizado del libro [NR] 9789583506079 (3a.Ed.)
020 ## - NUMERO INTERNACIONAL NORMALIZADO PARA LIBROS [R]
Número Internacional Normalizado del libro [NR] 9789583510946 (5a.Ed)
040 ## - FUENTE DE CATALOGACION [NR]
Agencia de catalogación original [NR] CO-BoUCM
Idioma de catalogación [NR] spa
Quien Cataloga Stefania Borbon (Modificó)
Quien Clasifica [Nuevo]
041 00 - CODIGO DE IDIOMA [R]
Código de idioma para texto/pista de sonido o título separado [R] Español
100 1# - ASIENTO PRINCIPAL--NOMBRE PERSONAL [NR]
Nombre personal [NR] Bobbio, Norberto
Fechas asociadas con el nombre [NR] 1909-2004
ID Autoridad 28686
245 10 - MENCION DE TITULO [NR]
Título [NR] Teoría general del derecho /
Mención de responsabilidad, etc. [NR] Norberto Bobbio
250 ## - MENCION DE EDICION [NR]
Mención de edición [NR] 5a.Ed.
260 ## - PUBLICACION, DISTRIBUCION, ETC. (PIE DE IMPRENTA) [R]
Lugar de publicación, distribución, etc. [R] Bogotá (Colombia) :
Nombre del editor, distribuidor, etc. [R] Temis ;
Fecha de publicación, distribución, etc. [R] 2026
300 ## - DESCRIPCION FISICA [R]
Extensión [R] xvi, 284 páginas
650 #7 - ASIENTO SECUNDARIO DE MATERIA - TERMINO TEMATICO [R]
Término temático o nombre geográfico como elemento de entrada [NR] Derecho y ética
9 (RLIN) 12843
650 #7 - ASIENTO SECUNDARIO DE MATERIA - TERMINO TEMATICO [R]
Término temático o nombre geográfico como elemento de entrada [NR] Filosofía del derecho
9 (RLIN) 15792
650 #7 - ASIENTO SECUNDARIO DE MATERIA - TERMINO TEMATICO [R]
Término temático o nombre geográfico como elemento de entrada [NR] Teoría del derecho
9 (RLIN) 25308
942 ## - ELEMENTOS DE ENTRADA AGREGADOS (KOHA)
Tipo de ítem principal el descrito en 300a Libro
Tema principal Derecho
Edición 5
Parte restante de la signatura top. B61t
Sistema de clasificación DEWEY
Clasificación 340.1
Existencias
Fecha de último préstamo Total préstamos Total Renewals Signatura topográfica Código de barras Última vez visto Volúmen / Fascículo Ejemplar Price effective from Tipo de ítem Perdido Sistema de clasificación Dañado No prestable Tipo de ítem específico Suprimido Ubicación habitual Ubicación actual Localización Fecha de creación Forma de adquisición Costo Costo de reposición Proveedor
25/02/2020 27 7 340.1 B61t 100082147 10/06/2026 2a. Ed. 2005 Ej.1 03/02/2013 Libro   DEWEY     Libro   Claustro Claustro 3er piso 28/02/2007 Compra 30400.00    
29/01/2026 96 9 340.1 B61t 100038922 10/06/2026 2a. Ed. 1994 Ej.2 03/02/2013 Libro   DEWEY     Libro   Claustro Claustro 3er piso 28/02/2003 Compra 12200.00    
29/01/2026 168 13 340.1 B61t 100062232 10/06/2026 2a.Ed. Ej.3 03/02/2013 Libro   DEWEY     Libro   Claustro Claustro 3er piso 28/02/2003 Compra 20000.00    
29/01/2026 101 3 340.1 B61t 100036084 10/06/2026 2a. Ed. 1994 Ej.1 03/02/2013 Libro   DEWEY     Libro   Claustro Claustro 3er piso 28/02/2007 Compra 9100.00    
29/01/2026 74 23 340.1 B61t 100110920 04/02/2026 3a. Ed. Ej.4 03/02/2013 Libro   DEWEY     Libro   Claustro Claustro 3er piso 28/02/2010 Compra 40000.00    
29/01/2026 88 23 340.1 B61t 100110919 06/02/2026 3a. Ed. Ej.3 03/02/2013 Libro   DEWEY     Libro   Claustro Claustro 3er piso 28/02/2010 Compra 40000.00    
08/02/2019 8   340.1 B61t 100108173 29/01/2026 3a. Ed. Ej.1 03/02/2013 Libro de reserva   DEWEY     Libro de reserva   Claustro Claustro 3er piso 28/02/2010 Compra 43000.00    
29/01/2026 73 28 340.1 B61t 100108174 06/02/2026 3a. Ed. Ej.2 03/02/2013 Libro   DEWEY     Libro   Claustro Claustro 3er piso 28/02/2010 Compra 43000.00    
11/02/2026 21 13 340.1 B61t 100142407 11/02/2026 2a.Ed. 1997 Ej.4 14/05/2014 Libro Prestado DEWEY     Libro   Claustro Claustro 3er piso 14/05/2014 Donación 0.00 26000.00 12
      340.1 B61t 100175140 10/06/2026 5a.Ed. Ej.1 28/04/2026 Libro   DEWEY     Libro   Claustro Claustro 3er piso 28/04/2026 Donación   26000.00